Tomodachi Life - Livin' the Dream Lyrics - Statistics

General Stats
  • This quiz has been taken 14 times
  • The average score is 8 of 13
Answer Stats
Lyrics % Correct
When you livin' the {dream}
93%
You {know} what I mean
86%
Please buy my new {CD}
79%
Everyone {stop}
64%
This {beat}'s so sick it's corrupt
64%
And it's super {yummy}
57%
And {listen} to me
57%
Livin' like a {king}
57%
{Mouth}'s full of food
57%
{Back} it up, yeah, {back} it up
50%
Them {streets} ain't so mean
50%
Make way for one bad {pup}
43%
In a {wide} limousine
29%
No matching quizzes found
Score Distribution
Percent of People with Each Score
Percentile by Number Answered
Your Score History
You have not taken this quiz